| 000 | 02643nam a2200325 a 4500 | ||
|---|---|---|---|
| 003 | OSt | ||
| 005 | 20210601152858.0 | ||
| 008 | 190513s2017 dr spa d | ||
| 020 | _a9789945581850 | ||
| 040 |
_aDO-SdBNP _bspa _cBNPHU |
||
| 082 | 4 |
_222 _a860.9 _bV162q |
|
| 100 |
_aVarela, Tanya V. _976409 _d1973- |
||
| 245 | 3 |
_aEl quiebre de los Dogmas : _bdebate feminista, transgresión y duelo en textos de Gioconda Belli, Diamela Eltit y Cristina Peri Rossi / _cTanya V. Valera. |
|
| 246 | 1 | 3 | _aEl quiebre de los Dogmas |
| 260 |
_aSan Juan, Puerto Rico: _bIsla Negra, _c2017. |
||
| 300 |
_a242 p. ; _c23 cm. |
||
| 490 | 1 | _aVisiones y cegueras | |
| 500 | _aIncluye datos biográficos del la autora en la solapa de la cubierta | ||
| 500 | _aBibliografía : p. 234-242 | ||
| 505 | _a Del Debate feminista de los ochenta al posfeminismo del nuevo milenio en Latinoamérica -- La mujer habitada -- Por la patria -- La nave de los locos -- Las ochentistas frente al nuevo milenio: rutas divergentes hacia el posfeminismo -- El duelo ante las trizas. | ||
| 520 | _a Este libro examina obras escogidas de estas renombradas escritoras con el objetivo de identificar los diferentes niveles de resistencia que emergen de sus textos frente a los discursos autoritarios y dogmáticos que prevalecen en Latinoamérica durante la década del ochenta, incluyendo el discurso feminista. A través de un análisis comparativo, se discute en qué medida estas novelistas problematizan tanto el dogmatismo ideológico como los residuos esencialistas que exhibe el feminismo latinoamericano de la década del ochenta, y proponen posibilidades alternativas de representación de género mediante búsqueda estéticas innovadoras. Las ensayistas argumentan que mediante el "quiebre" ideológico y estético, estas autoras intentan, con mayor o menor éxito, subvertir y desmantelar tajantemente nociones tales como "patriarcado", "femineidad", "maternidad" y "familia", liberando a sus respectivos textos e pesadas cargas categoriales y manteniendo la ambigüedad necesaria para que estos conceptos políticamente irresueltos continúen produciéndose y modificándose en constante fluidez. | ||
| 590 | _aInventariado, 2020/VM | ||
| 600 | 1 | 4 |
_aBelli, Gioconda _d1948- _xLa crítica y la interpretación. _977529 |
| 600 | 1 | 4 |
_aEltit, Diamela, _d1949- _xLa crítica y la interpretación. _977530 |
| 600 | 1 | 4 |
_a Peri Rossi, Cristina, _d1941- _xLa crítica y la interpretación. _977531 |
| 650 |
_aLiteratura hispanoamericana _xmujeres autoras _xHistoria y crítica. _977532 |
||
| 830 |
_aVisiones y cegueras _91120 |
||
| 910 | _aVMateo | ||
| 942 |
_2ddc _cLBS1 |
||
| 999 |
_c48468 _d48468 |
||